000 00907nam a2200205Ia 4500
008 0000002002 sp ad 0000000000spa00
090 _aPSP00 Z15a
100 1 _aZamanillo, Fernando
245 1 0 _aArancha Goyeneche
_c/ textos de Fernando Zamanillo
300 _a[32] p.
_c/ 21 cm.
500 _aExposición realizada en Max Estrella Galería de Arte de Madrid en los meses de junio, julio y septiembre de 2002 \ Incluye datos biográficos y cronología artística \ Donación de Carlos Jiménez, 2012
600 0 0 _a GOYENECHE, ARANCHA, 1967/
_xTRABAJOS PICTORICOS \ GOYENECHE, ARANCHA, 1967/
_xTRABAJOS ARTISTICOS
650 1 4 _a PINTURA ESPAÑOLA
650 1 4 _aARTE CONTEMPORANEO ESPAÑOL
650 1 4 _aARTISTAS PLASTICOS ESPAÑOLES
650 1 4 _xCATALOGOS
650 1 4 _xEXPOSICIONES
650 1 4 _aFOTOGRAFIA Y PINTURA
999 _c14194
_d14194
260 _aMadrid : Max Estrella Galería de Arte
_c2002